Rural settlement and the urban impact on the countryside / (Record no. 39)

MARC details
000 -LEADER
fixed length control field 00641nam a22002057a 4500
005 - DATE AND TIME OF LATEST TRANSACTION
control field 20221230105252.0
008 - FIXED-LENGTH DATA ELEMENTS--GENERAL INFORMATION
fixed length control field 221230b |||||||| |||| 00| 0 eng d
020 ## - INTERNATIONAL STANDARD BOOK NUMBER
International Standard Book Number 0340800283
040 ## - CATALOGING SOURCE
Original cataloging agency KMU
Transcribing agency KMU
050 ## - LIBRARY OF CONGRESS CALL NUMBER
Classification number GF 127 Hil 2003
100 ## - MAIN ENTRY--PERSONAL NAME
Personal name Hill , Michael
245 ## - TITLE STATEMENT
Title Rural settlement and the urban impact on the countryside /
Statement of responsibility, etc. by Michael Hill
260 ## - PUBLICATION, DISTRIBUTION, ETC.
Place of publication, distribution, etc. London ;
Name of publisher, distributor, etc. Hodder education ,
Date of publication, distribution, etc. 2003 .
300 ## - PHYSICAL DESCRIPTION
Extent iv, 154pages :
Other physical details Illustration ;
Dimensions 21 cm .
500 ## - GENERAL NOTE
General note Includes a bibliography and an index
650 ## - SUBJECT ADDED ENTRY--TOPICAL TERM
Source of heading or term Oclc
Topical term or geographic name entry element Urbanization
650 ## - SUBJECT ADDED ENTRY--TOPICAL TERM
Source of heading or term Oclc
Topical term or geographic name entry element Human settlements
650 ## - SUBJECT ADDED ENTRY--TOPICAL TERM
Source of heading or term Oclc
Topical term or geographic name entry element Land settlements
942 ## - ADDED ENTRY ELEMENTS (KOHA)
Source of classification or shelving scheme Library of Congress Classification
Koha item type Non-Fiction
Suppress in OPAC No
Holdings
Withdrawn status Lost status Source of classification or shelving scheme Damaged status Not for loan Collection Home library Current library Shelving location Date acquired Source of acquisition Total Checkouts Full call number Barcode Date last seen Price effective from Koha item type
    Library of Congress Classification     Non-fiction Kapasa Makasa University Kapasa Makasa University Open Access 30.12.2022 Book Aid   GF 127 Hil 2003 747269 30.12.2022 30.12.2022 Non-Fiction
    Library of Congress Classification     Non-fiction Kapasa Makasa University Kapasa Makasa University Open Access 30.12.2022 Book Aid   GF 127 Hil 2003 747268 30.12.2022 30.12.2022 Non-Fiction